000 01822nam0a2200313 4500
001 RU\NLR\BIBL_A\011628598
005 20180307150355.0
010 _a978-5-7038-4670-4
_91000
021 _aRU
_bКН-П-18-001864
_9КН-П-18-0130
035 _a(NLR Aleph) 011628598
035 _a(RuMoRGB)009517731
090 _a11021485
_c11021485
100 _a20180214d2018 k y0rusy50 ca
101 0 _arus
102 _aRU
105 _aa|||z|||000zy
200 1 _aМатематический анализ
_eметодические указания по подготовке к экзамену по материалам лекций в первом семестре
_e[для студентов первого курса всех специальностей]
_fС. В. Галкин
_g[Московский государственный технический университет имени Н.Э. Баумана, Факультет "Фундаментальные науки", Кафедра "Прикладная математика"]
210 _aМосква
_cИзд-во МГТУ им. Н.Э. Баумана
_d2018
215 _a126, [2] с.
_cил., табл.
_d21
225 1 _aУчебно-методические пособие МГТУ им. Н.Э. Баумана
606 1 _aМатематический анализ
_jМетодические пособия для высших учебных заведений
_9963473
_3RU\NLR\AUTH\6641277
686 _aВ161я73-14
_2rubbk
686 1 _aВ161я73-1
700 1 _7ca
_8rus
_aГалкин
_bС. В.
_cканд. техн. наук, математик
_f1944-
_gСергей Владимирович
_9177644
_3RU\NLR\AUTH\770177695
942 _cBOOK
980 _aNBR
980 _aNB